Isaiah 13-39: (Record no. 17726)
[ view plain ]
| 000 -LEADER | |
|---|---|
| fixed length control field | 00588nam a2200193Ia 4500 |
| 008 - FIXED-LENGTH DATA ELEMENTS--GENERAL INFORMATION | |
| fixed length control field | 200824s9999||||xx |||||||||||||| ||und|| |
| 020 ## - INTERNATIONAL STANDARD BOOK NUMBER | |
| International Standard Book Number | 066420984X |
| 020 ## - INTERNATIONAL STANDARD BOOK NUMBER | |
| International Standard Book Number | 9780664209841 |
| 041 ## - LANGUAGE CODE | |
| Language code of text/sound track or separate title | eng |
| Language code of original | ger |
| 050 ## - LIBRARY OF CONGRESS CALL NUMBER | |
| Classification number | BS1515.3 |
| Item number | .K3313 1974 |
| 100 ## - MAIN ENTRY--PERSONAL NAME | |
| Personal name | Kaiser, Otto |
| 245 #0 - TITLE STATEMENT | |
| Title | Isaiah 13-39: |
| Remainder of title | A Commentary / |
| Statement of responsibility, etc. | Otto Kaiser; R.A. Wilson |
| 260 ## - PUBLICATION, DISTRIBUTION, ETC. | |
| Place of publication, distribution, etc. | Philadelphia : |
| Name of publisher, distributor, etc. | Westminster Press; |
| Date of publication, distribution, etc. | 1974 |
| 300 ## - PHYSICAL DESCRIPTION | |
| Extent | xix, 412 p. |
| Other physical details | ; |
| Dimensions | 23 cm. |
| 500 ## - GENERAL NOTE | |
| General note | Translation of: Der Prophet Jesaja/Kap.13-39. |
| 650 ## - SUBJECT ADDED ENTRY--TOPICAL TERM | |
| Topical term or geographic name entry element | Bible. IsaiaH 13-39: Commentaries. |
| 700 ## - ADDED ENTRY--PERSONAL NAME | |
| Personal name | Wilson, R.A. |
| Withdrawn status | Lost status | Damaged status | Not for loan | Home library | Current library | Shelving location | Date acquired | Total Checkouts | Full call number | Barcode | Date last seen | Price effective from | Koha item type |
|---|---|---|---|---|---|---|---|---|---|---|---|---|---|
| GETS Theological Seminary Library | GETS Theological Seminary Library | 08/24/2020 | BS1515.3 .K3313 1974 | 00005975 | 08/24/2020 | 08/24/2020 | English Books |